| 000 | 00453cam a2200181ua 4500 | ||
|---|---|---|---|
| 020 | _c4.00 | ||
| 041 |
_ahin _h |
||
| 082 |
_a891.43 _bRAM/KA |
||
| 100 | _aRamachandra, Shukla . | ||
| 245 |
_aKala aur adhunik pravarthiyam / _cRamachandra Shukla. _hTextual Documents |
||
| 250 |
_a2 / _b. |
||
| 260 |
_aUttar Pradesh : _bHindi Samithy , _c1963. |
||
| 300 | _a193 ; . | ||
| 365 | _a4.00 | ||
| 504 | _a | ||
| 942 | _cBK | ||
| 999 |
_c11652 _d11652 |
||